The marine aquarium in theory and practice /

Bibliographic Details
Main Author: Emmens, C. W. (Clifford Walter)
Format: Book
Language:English
Published: Neptune, NJ : T.F.H. Publications, [1985]
Edition:2nd ed., rev.
Subjects:

MARC

Tag First Indicator Second Indicator Subfields
LEADER 00000cam a22000007a 4500
001 in00000020202
005 20151007053841.0
008 850920s1985 njua 00110 eng d
020 |a 0866220542 :  |c $19.95 
035 |a (OCoLC)12580325 
035 |9 AAB3039AM 
040 |a APL  |c APL  |d m/c  |d TXA  |d UtOrBLW 
049 |a TXAM  |c [A12612098] 
050 4 |a SF457.1  |b .E55 1985 
100 1 |a Emmens, C. W.  |q (Clifford Walter) 
245 1 4 |a The marine aquarium in theory and practice /  |c by C.W. Emmens. 
250 |a 2nd ed., rev. 
264 1 |a Neptune, NJ :  |b T.F.H. Publications,  |c [1985] 
264 4 |c ©1985 
300 |a 208 pages :  |b illustrations (some color) ;  |c 29 cm. 
336 |a text  |b txt  |2 rdacontent 
337 |a unmediated  |b n  |2 rdamedia 
338 |a volume  |b nc  |2 rdacarrier 
500 |a Includes index. 
650 0 |a Marine aquariums. 
999 |a MARS 
999 f f |s 302e7e84-81b0-381d-8923-a7d0f3805238  |i 66618f31-27cc-30ff-87f4-31c989a7e463  |t 0 
952 f f |p ric  |a Texas A&M University  |b Rellis Campus  |c Joint Library Facility  |d Remote Storage  |t 0  |e SF457.1 .E55 1985  |h Library of Congress classification  |i unmediated -- volume  |m A14812612098 
998 f f |a SF457.1 .E55 1985  |t 0  |l Remote Storage